[Event "Invitation"]
[Site "http://www.queenalice.com/game.php?id=693615"]
[Date "2009.12.6"]
[Round "-"]
[White "absintheremy"]
[Black "mezthieu"]
[Result "0-1"]
[WhiteElo "1166"]
[BlackElo "1100"]

1. e4 Nf6 2. Nc3 e5 3. d3 Bc5 4. Be3 d6 5. Nh3 Bg4 6. f3 Bh5 7. Bg5 Nbd7 8. Nd5
O-O 9. f4 Bxd1 10. Kxd1 c6 11. Nc3 Qa5 12. f5 Qb4 13. Bd2 Qxb2 14. Ke2 Qxa1 15.
g4 Qb2 16. Bg2 Qxc2 17. Ng5 Bb4 18. Rc1 Qxc1 19. Bxc1 Bxc3 20. Ba3 Nc5 21. Nf3
b5 22. g5 b4 23. Bc1 Rab8 24. Be3 Rb5 25. gxf6 Ra5 26. fxg7 Kxg7 27. Ng5 Rxa2+
28. Kf1 f6 29. Bf3 Nxd3 30. Ne6+ Kg8 31. h4 b3 32. Nxf8 b2 33. Kg2 b1=Q+ 34. Kg3
Qe1+ 35. Kg4 Qxe3 36. Ne6 Rf2 37. Bh1 Nc5 0-1

[Event "Challenge"]
[Site "http://www.queenalice.com/game.php?id=694993"]
[Date "2009.12.9"]
[Round "-"]
[White "clik"]
[Black "absintheremy"]
[Result "1-0"]
[WhiteElo "2036"]
[BlackElo "1181"]

1. e4 e5 2. Nf3 d6 3. d4 Nd7 4. Nc3 exd4 5. Nxd4 Ne5 6. f4 Ng4 7. Bc4 N8f6 8.
O-O Nh5 9. h3 Ngf6 10. Re1 g6 11. e5 Nd7 12. exd6+ Ne5 13. Rxe5+ Kd7 14. Qg4+ f5
15. Rxf5 Bxd6 16. Re5# 1-0

[Event "Challenge"]
[Site "http://www.queenalice.com/game.php?id=697991"]
[Date "2009.12.14"]
[Round "-"]
[White "CristianLonghinoti"]
[Black "absintheremy"]
[Result "0-1"]
[WhiteElo "1298"]
[BlackElo "1123"]

1. e4 Nf6 2. d3 g5 3. Bxg5 Bg7 4. Nf3 h6 5. Bf4 Nc6 6. h3 d6 7. Be2 e5 8. Bg3 b5
9. O-O h5 10. Nh4 b4 11. a3 Nd4 12. axb4 Bh6 13. c3 Ne6 14. d4 Bb7 15. Nf3 Bxe4
16. Bb5+ c6 17. Bc4 d5 18. dxe5 Nd7 19. Bb3 Qe7 20. Nbd2 Bd3 21. c4 f5 22. cxd5
cxd5 23. Bxd5 Rc8 24. Bh4 Bc2 25. Qe2 Qg7 26. Rxa7 Ba4 27. Rxa4 Nf4 28. Qb5
Qxg2# 0-1

[Event "AUTO-BEG-367"]
[Site "http://www.queenalice.com/game.php?id=701731"]
[Date "2009.12.22"]
[Round "1"]
[White "absintheremy"]
[Black "Peppone"]
[Result "0-1"]
[WhiteElo "1127"]
[BlackElo "1371"]

1. e4 c6 2. d4 d5 3. Bf4 dxe4 4. Nc3 f5 5. Qh5+ g6 6. Qd1 Bg7 7. Be5 Nf6 8. d5
Nbd7 9. Bd4 Nb6 10. Nh3 Nbxd5 11. a4 Nxc3 12. bxc3 O-O 13. a5 Qc7 14. Bc4+ Kh8
0-1

[Event "AUTO-BEG-367"]
[Site "http://www.queenalice.com/game.php?id=701732"]
[Date "2009.12.22"]
[Round "1"]
[White "Peppone"]
[Black "absintheremy"]
[Result "1-0"]
[WhiteElo "1364"]
[BlackElo "1135"]

1. e4 e5 2. f4 exf4 3. Nf3 g5 4. Bc4 d6 5. O-O Ne7 6. Nc3 g4 7. d3 gxf3 8. Qxf3
c6 9. Qxf4 Bh3 10. Qxf7+ Kd7 11. gxh3 Qa5 12. Be6+ Kc7 13. Qf6 Rg8+ 14. Bxg8 1-0

[Event "AUTO-BEG-367"]
[Site "http://www.queenalice.com/game.php?id=701733"]
[Date "2009.12.22"]
[Round "1"]
[White "absintheremy"]
[Black "CristianLonghinoti"]
[Result "0-1"]
[WhiteElo "1138"]
[BlackElo "1289"]

1. Nc3 e5 2. e4 Nf6 3. Nf3 d6 4. Ng5 Qd7 5. Bb5 c6 6. Be2 h6 7. h3 Ng8 8. Bg4
Qe7 9. Bxc8 b5 10. h4 Qc7 11. Qg4 Nf6 12. Ne6 Qxc8 13. Nxg7+ Bxg7 14. Qxg7 Ke7
15. Rh3 Ne8 16. Qxh8 Qe6 17. d4 b4 18. d5 cxd5 19. Nxd5+ Kd7 20. Rb3 a5 21. Nb6+
Kc7 22. Nxa8+ Kb7 23. c3 Kxa8 24. cxb4 Nc6 25. b5 Nd4 26. b6 Kb7 27. a4 Nxb3 28.
Bxh6 Nxa1 29. f4 Kxb6 30. f5 Qe7 31. Bg5 Qd7 32. b4 axb4 33. h5 b3 34. Bc1 Qxa4
35. Qh6 Qxe4+ 36. Be3+ Kc6 37. Qg5 b2 38. Ke2 b1=Q 39. Qd8 Nc2 40. Qc8+ Kb5 41.
Kd2 Qxg2+ 42. Kd3 Qb3+ 43. Qc3 Qxc3+ 44. Kxc3 Nf6 0-1

[Event "AUTO-BEG-367"]
[Site "http://www.queenalice.com/game.php?id=701734"]
[Date "2009.12.22"]
[Round "1"]
[White "CristianLonghinoti"]
[Black "absintheremy"]
[Result "1-0"]
[WhiteElo "1337"]
[BlackElo "1150"]

1. e4 e5 2. Nf3 Nc6 3. d3 Bb4+ 4. Bd2 a5 5. a3 Be7 6. h3 b5 7. Nc3 Nd4 8. Be3 c5
9. Nxe5 d6 10. Nf3 h5 11. b4 f6 12. Nxd4 axb4 13. Ncxb5 cxd4 14. Bxd4 g6 15. Qd2
b3 16. cxb3 Nh6 17. a4 Ba6 18. Be2 Bxb5 19. Qe3 d5 20. O-O Ra6 21. axb5 Re6 22.
Ra2 Rxe4 23. dxe4 dxe4 24. Rfa1 O-O 25. b6 Nf5 26. Qxe4 Qxd4 27. Ra4 Qxf2+ 28.
Kxf2 Bc5+ 29. Kf3 Nh4+ 30. Qxh4 Re8 31. Qxf6 Re3+ 32. Kf2 Re6+ 33. Kg3 Rxf6 34.
b7 Bd6+ 35. Kh4 Be5 36. Ra8+ Kh7 37. b8=Q Rf4+ 38. Kg5 Bf6+ 39. Kxf4 g5+ 40. Kf5
Kg7 41. Qg8+ Kh6 42. Kxf6 g4 43. R1a5 gxh3 44. Qg6# 1-0

[Event "AUTO-BEG-367"]
[Site "http://www.queenalice.com/game.php?id=701735"]
[Date "2009.12.22"]
[Round "1"]
[White "absintheremy"]
[Black "Sap"]
[Result "1-0"]
[WhiteElo "1093"]
[BlackElo "1075"]

1. e4 c6 2. a4 e6 3. d3 Ne7 4. b4 a5 5. c3 b5 6. g3 g5 7. Bxg5 bxa4 8. b5 cxb5
9. Na3 Ba6 10. Be2 Ng6 11. Bxd8 Kxd8 12. Qd2 b4 13. Qg5+ Be7 14. Qh6 bxa3 15.
Qg7 Bf8 16. Qd4 Be7 17. Nf3 Nc6 18. Qb6+ Kc8 19. c4 Ra7 20. d4 Nb4 21. Qxa7 Bb7
22. c5 Kc7 23. c6 Nxc6 24. Rc1 Ra8 25. Qxa8 Bxa8 26. Bb5 Bb4+ 27. Nd2 1-0

[Event "AUTO-BEG-367"]
[Site "http://www.queenalice.com/game.php?id=701736"]
[Date "2009.12.22"]
[Round "1"]
[White "Sap"]
[Black "absintheremy"]
[Result "0-1"]
[WhiteElo "1075"]
[BlackElo "1108"]

1. e3 Nf6 2. Be2 h5 3. Bf1 g6 4. h4 d5 5. f3 b6 6. a4 a6 7. a5 bxa5 8. Rxa5 Nc6
9. Rc5 Bb7 10. c4 Ne5 11. cxd5 Qd7 12. Qc2 e6 13. d4 Nxd5 14. dxe5 Bh6 15. Bb5
axb5 16. e4 Nb4 17. Qd2 Bxd2+ 18. Bxd2 Nd3+ 19. Ke2 f5 20. Nh3 Nxc5 21. Rd1 Qd3+
22. Kf2 Nb3 23. Nc3 Nxd2 24. Nxb5 Nxe4+ 25. Ke1 Qxb5 26. fxe4 fxe4 27. Nf4 Rd8
0-1

[Event "AUTO-OPEN-1808"]
[Site "http://www.queenalice.com/game.php?id=701972"]
[Date "2009.12.22"]
[Round "1"]
[White "absintheremy"]
[Black "rubenov"]
[Result "0-1"]
[WhiteElo "1171"]
[BlackElo "1953"]

1. e4 b6 2. e5 Bb7 3. Nf3 e6 4. d3 h6 5. g3 Ne7 6. b4 Ng6 7. Bg2 Nxe5 8. Nbd2
Bxb4 9. O-O Ng6 10. a3 Bc3 11. Ra2 a5 12. d4 Bd5 13. h4 Bxa2 14. d5 Bxd5 15. Nd4
Bxg2 16. Nf5 Bxf1 17. Kxf1 exf5 18. Qe1+ Qe7 19. h5 Qxe1+ 20. Kxe1 Bxd2+ 21.
Bxd2 Ne5 22. f4 Nc4 23. Bc1 O-O 24. a4 Nc6 25. c3 Rae8+ 26. Kf2 Re4 27. Kg2 Re2+
28. Kh3 Rc2 29. Kh4 Rxc1 30. Kh3 Rxc3 31. Kh4 Re8 32. g4 Re4 33. g5 Rxf4# 0-1

[Event "AUTO-OPEN-1808"]
[Site "http://www.queenalice.com/game.php?id=701973"]
[Date "2009.12.22"]
[Round "1"]
[White "rubenov"]
[Black "absintheremy"]
[Result "1-0"]
[WhiteElo "1972"]
[BlackElo "1171"]

1. d4 d5 2. Bg5 h6 3. Bh4 g5 4. Bg3 e6 5. a3 f5 6. Be5 Nf6 7. e3 Bd6 8. Bxf6
Qxf6 9. Qh5+ Kd8 10. Qd1 a5 11. Nc3 g4 12. Nb5 Be7 13. c4 g3 14. hxg3 c6 15. Nc3
b5 16. cxb5 c5 17. dxc5 Bxc5 18. Nf3 Rg8 19. Na4 Bd6 20. Qc2 Rg4 21. Nb6 Ra7 22.
Qxc8+ Ke7 23. Nd4 Qf8 24. Qxe6+ Kd8 25. Qxd5 Rg6 26. Ne6+ Rxe6 27. Qxe6 Be5 28.
O-O-O+ Nd7 29. Rxd7+ Rxd7 30. Qxd7# 1-0

[Event "AUTO-OPEN-1808"]
[Site "http://www.queenalice.com/game.php?id=701974"]
[Date "2009.12.22"]
[Round "1"]
[White "absintheremy"]
[Black "redrum"]
[Result "0-1"]
[WhiteElo "1166"]
[BlackElo "2069"]

1. e4 e5 2. Nf3 Nc6 3. d3 Nf6 4. c3 d5 5. a4 dxe4 6. Ng5 exd3 7. Nd2 Bf5 8. Nxf7
Kxf7 9. h4 Qd5 10. c4 Qa5 11. g3 Nb4 12. Bxd3 Bxd3 13. Nb3 Nc2# 0-1

[Event "AUTO-OPEN-1808"]
[Site "http://www.queenalice.com/game.php?id=701977"]
[Date "2009.12.22"]
[Round "1"]
[White "reivipviana"]
[Black "absintheremy"]
[Result "1-0"]
[WhiteElo "1462"]
[BlackElo "1139"]

1. e4 e5 2. Nf3 Nf6 3. d3 d6 4. Bg5 c5 5. Be2 h5 6. O-O Be7 7. Nc3 O-O 8. a4 a5
9. Nb5 d5 10. Nxe5 Ra6 11. Ra3 Nc6 12. Nxc6 bxc6 13. Nc3 d4 14. Nb1 Ng4 15. Bxe7
1-0

[Event "Challenge"]
[Site "http://www.queenalice.com/game.php?id=707120"]
[Date "2010.1.2"]
[Round "-"]
[White "TomasJeferson"]
[Black "absintheremy"]
[Result "1-0"]
[WhiteElo "1628"]
[BlackElo "1171"]

1. e4 a6 2. Nf3 Nf6 3. Nc3 c5 4. Bc4 b5 5. Bd5 Nxd5 6. Nxd5 c4 7. c3 e6 8. Nf4
g5 9. Nh5 b4 10. d4 bxc3 11. bxc3 g4 12. Ne5 g3 13. Nxg3 d6 14. Nf3 d5 15. e5
Nc6 16. Bg5 Qa5 17. O-O h6 18. Bf6 Rg8 19. Nh5 Qxc3 20. Qa4 Bd7 21. Nh4 Nxd4 22.
Qd1 Bc5 23. Rc1 Qa3 24. Qd2 c3 25. Qxh6 Ne2+ 26. Kh1 Nxc1 27. Rxc1 Rb8 28. g3
Rb2 29. Qh7 Kf8 30. Ng6+ fxg6 31. Bg7+ Ke8 32. Qxg8+ Bf8 33. Nf6+ Kd8 34. Bxf8
Rxf2 35. Bxa3+ Kc7 36. Bd6+ Kc6 37. Rxc3+ Kb5 38. Qb8+ Ka4 39. Ra3# 1-0

[Event "Challenge"]
[Site "http://www.queenalice.com/game.php?id=710128"]
[Date "2010.1.8"]
[Round "-"]
[White "TomasJeferson"]
[Black "absintheremy"]
[Result "1-0"]
[WhiteElo "1292"]
[BlackElo "1101"]

1. e4 e5 2. Nf3 Nc6 3. Nc3 f6 4. d3 h5 5. Be3 a5 6. Be2 g5 7. Qd2 g4 8. Nh4 Nh6
9. O-O-O b5 10. Nxb5 Nb4 11. Kb1 c6 12. Na3 Ba6 13. Qc3 d6 14. Ng6 Bg7 15. Nh4
c5 16. Qb3 d5 17. exd5 Nxd5 18. Qa4+ Qd7 19. Qb3 a4 20. Qxd5 Qxd5 21. c4 Qe6 22.
Bxc5 e4 23. d4 f5 24. d5 Qf6 25. g3 Rb8 26. Rd2 Qc6 27. dxc6 Bc3 28. Rd5 Rxb2+
29. Kc1 Rxa2 30. Nb1 Rxe2 31. c7 1-0

[Event "Challenge"]
[Site "http://www.queenalice.com/game.php?id=712308"]
[Date "2010.1.12"]
[Round "-"]
[White "mezthieu"]
[Black "absintheremy"]
[Result "1-0"]
[WhiteElo "1337"]
[BlackElo "1123"]

1. e4 e5 2. Nf3 Nf6 3. Nc3 c6 4. Nxe5 Bc5 5. Bc4 O-O 6. d3 d6 7. Nf3 Qb6 8. d4
Bb4 9. Bd2 Bg4 10. Be3 Nbd7 11. a3 Ba5 12. Rb1 c5 13. O-O cxd4 14. Bxd4 Qc7 15.
Qd3 Nb6 16. b3 Be6 17. e5 Ng4 18. Ng5 Nxe5 19. Qxh7# 1-0